00798 2200253 4500001002100000005001500021035002000036007000300056008004100059020002200100082001100122084001500133245017100148250001000319260004200329300002900371650001800400700002600418700002300444504003100467111002400498990001100522990001100533INLIS00000000000380720190821023733 a0010-0719000225ta190821 g 0 ind  a978-979-3693-22-4 a297.23 a297.23 PET1 aPetaka Akhir Zaman :bDetik-Detik Menuju Hari Kehancuran Alam Semesta /cKelompok Telaah Kitab Ar-Risalah; penyunting, Abu Fatiah Al-Adnani; editor, Tim Editor Arafah acet.1 aSurakarta :bGranada Mediatama,c2016 a469 hlm :bilus ;c21 cm 4aKIAMAT. ISLAM0 aABU, Fatiah Al-Adnani0 aTIM, Editor Arafah aBibliografi.: hlm. 464-469 aPETAKA, Akhir Zaman a5432 a a5432 b